[Event "EYCC 2024 - G12"]
[Site "?"]
[Date "2024.08.23"]
[Round "2.1"]
[White "Alessi, Clio"]
[Black "Matskevich, Varvara"]
[Result "0-1"]
[BlackElo "1956"]
[WhiteElo "1684"]
[LiveChessVersion "1.4.8"]

1. e4 {[%clk 1:30:58]} c5 {[%clk 1:30:55]} 2. Nf3 {[%clk 1:31:24]} d6
{[%clk 1:31:19]} 3. d4 {[%clk 1:31:47]} cxd4 {[%clk 1:31:41]} 4. Qxd4
{[%clk 1:32:11]} Nc6 {[%clk 1:32:02]} 5. Bb5 {[%clk 1:32:36]} Bd7
{[%clk 1:32:20]} 6. Bxc6 {[%clk 1:32:52]} Bxc6 {[%clk 1:32:35]} 7. Nc3
{[%clk 1:33:12]} e5 {[%clk 1:32:43]} 8. Qd3 {[%clk 1:33:18]} h6 {[%clk 1:32:50]}
9. Be3 {[%clk 1:32:03]} Nf6 {[%clk 1:32:48]} 10. h3 {[%clk 1:30:11]} b5
{[%clk 1:26:13]} 11. a3 {[%clk 1:24:15]} a5 {[%clk 1:17:47]} 12. O-O
{[%clk 1:22:10]} Be7 {[%clk 1:15:09]} 13. Rfe1 {[%clk 1:11:02]} O-O
{[%clk 1:12:27]} 14. Nd2 {[%clk 1:04:09]} Qd7 {[%clk 1:10:21]} 15. f3
{[%clk 0:54:18]} Rfc8 {[%clk 1:08:05]} 16. a4 {[%clk 0:43:16]} b4
{[%clk 1:06:30]} 17. Nb5 {[%clk 0:31:36]} Rcb8 {[%clk 1:00:07]} 18. Ra2
{[%clk 0:22:30]} d5 {[%clk 0:53:39]} 19. exd5 {[%clk 0:19:57]} Nxd5
{[%clk 0:53:57]} 20. Bf2 {[%clk 0:19:10]} f6 {[%clk 0:53:06]} 21. Rea1
{[%clk 0:17:48]} Qb7 {[%clk 0:51:47]} 22. Nc4 {[%clk 0:14:58]} Nf4
{[%clk 0:49:32]} 23. Qe3 {[%clk 0:10:19]} Bd5 {[%clk 0:48:07]} 24. Nb6
{[%clk 0:06:35]} Bxa2 {[%clk 0:47:22]} 25. Nxa8 {[%clk 0:06:50]} Bc4
{[%clk 0:47:23]} 26. Nb6 {[%clk 0:05:57]} Ne2+ {[%clk 0:47:18]} 27. Kh1
{[%clk 0:06:10]} Bxb5 {[%clk 0:47:30]} 28. axb5 {[%clk 0:06:26]} Nd4
{[%clk 0:47:54]} 29. Na4 {[%clk 0:02:47]} Qxb5 {[%clk 0:47:51]} 30. Qd2
{[%clk 0:02:22]} Ne6 {[%clk 0:47:02]} 31. b3 {[%clk 0:01:56]} Rd8
{[%clk 0:47:04]} 32. Qe1 {[%clk 0:02:07]} Qc6 {[%clk 0:46:38]} 33. Qc1
{[%clk 0:01:17]} Bc5 {[%clk 0:45:39]} 34. Nxc5 {[%clk 0:00:54]} Nxc5
{[%clk 0:46:04]} 35. Qe3 {[%clk 0:01:15]} Nb7 {[%clk 0:46:06]} 36. Qb6
{[%clk 0:01:08]} Qxb6 {[%clk 0:46:25]} 37. Bxb6 {[%clk 0:01:32]} Rd5
{[%clk 0:46:49]} 38. Kg1 {[%clk 0:01:53]} Kf7 {[%clk 0:47:07]} 39. Kf2
{[%clk 0:02:20]} Rd2+ {[%clk 0:46:43]} 40. Kg3 {[%clk 0:02:41]} Rd6
{[%clk 0:46:53]} 41. Bg1 {[%clk 0:01:58]} Rc6 {[%clk 0:47:13]} 42. Ra2
{[%clk 0:02:19]} Ke6 {[%clk 0:47:30]} 43. Kf2 {[%clk 0:02:41]} Kd5
{[%clk 0:47:48]} 44. Ke2 {[%clk 0:02:59]} Rd6 {[%clk 0:47:54]} 45. Be3
{[%clk 0:01:33]} Kc6 {[%clk 0:47:45]} 46. c3 {[%clk 0:01:05]} bxc3
{[%clk 0:48:04]} 47. Rc2 {[%clk 0:01:31]} Kb5 {[%clk 0:48:27]} 48. Rxc3
{[%clk 0:01:51]} Rc6 {[%clk 0:48:43]} 49. Rd3 {[%clk 0:00:54]} Rc2+
{[%clk 0:48:27]} 50. Rd2 {[%clk 0:00:58]} Rxd2+ {[%clk 0:48:44]} 51. Kxd2
{[%clk 0:01:18]} Nc5 {[%clk 0:48:54]} 52. Kc2 {[%clk 0:01:36]} f5
{[%clk 0:48:56]} 53. g3 {[%clk 0:01:48]} g5 {[%clk 0:48:33]} 54. h4
{[%clk 0:01:26]} f4 {[%clk 0:48:26]} 55. hxg5 {[%clk 0:01:37]} hxg5
{[%clk 0:47:34]} 56. gxf4 {[%clk 0:01:41]} gxf4 {[%clk 0:47:14]} 57. Bd2
{[%clk 0:01:19]} e4 {[%clk 0:37:06]} 58. Bxf4 {[%clk 0:01:13]} exf3
{[%clk 0:37:27]} 59. Kd2 {[%clk 0:00:41]} Nxb3+ {[%clk 0:37:46]} 60. Ke3
{[%clk 0:01:04]} Nd4 {[%clk 0:38:05]} 61. Be5 {[%clk 0:01:16]} Kc4
{[%clk 0:38:32]} 62. Kf2 {[%clk 0:00:42]} a4 {[%clk 0:38:27]} 63. Bd6
{[%clk 0:01:06]} Kd3 {[%clk 0:38:42]} 64. Bc5 {[%clk 0:01:14]} Ke4
{[%clk 0:38:41]} 65. Bb4 {[%clk 0:01:26]} Nc2 {[%clk 0:39:01]} 66. Be7
{[%clk 0:01:38]} a3 {[%clk 0:39:23]} 67. Bxa3 {[%clk 0:01:56]} Nxa3
{[%clk 0:39:46]} 68. Kf1 {[%clk 0:02:21]} Ke3 {[%clk 0:40:07]} 69. Ke1
{[%clk 0:02:37]} Nc2+ {[%clk 0:40:31]} 70. Kf1 {[%clk 0:02:52]} f2
{[%clk 0:40:57]} 71. Kg2 {[%clk 0:03:17]} Ke2 {[%clk 0:41:21]} 72. Kh2
{[%clk 0:03:25]} f1=Q {[%clk 0:41:46]} 73. Kg3 {[%clk 0:03:49]} Ne3
{[%clk 0:41:52]} 74. Kh4 {[%clk 0:04:10]} Qf5 {[%clk 0:42:13]} 75. Kg3
{[%clk 0:04:05]} Qg4+ 0-1

[Event "EYCC 2024 - G12"]
[Site "?"]
[Date "2024.08.23"]
[Round "2.2"]
[White "Chichinadze, Anastasia"]
[Black "Sunea, Sara Maria"]
[Result "1/2-1/2"]
[BlackElo "1871"]
[WhiteElo "1678"]
[LiveChessVersion "1.4.8"]

1. e4 {[%clk 1:30:58]} c5 {[%clk 1:30:55]} 2. Nf3 {[%clk 1:31:25]} e6
{[%clk 1:30:50]} 3. d4 {[%clk 1:31:32]} cxd4 {[%clk 1:31:14]} 4. Nxd4
{[%clk 1:31:58]} a6 {[%clk 1:31:42]} 5. Nc3 {[%clk 1:31:55]} Qc7 {[%clk 1:32:06]}
6. a3 {[%clk 1:27:38]} b5 {[%clk 1:28:58]} 7. Bd3 {[%clk 1:23:45]} Bb7
{[%clk 1:28:57]} 8. O-O {[%clk 1:20:37]} Nc6 {[%clk 1:25:48]} 9. Nxc6
{[%clk 1:18:19]} dxc6 {[%clk 1:24:39]} 10. Be3 {[%clk 1:15:10]} Nf6
{[%clk 1:22:22]} 11. f4 {[%clk 1:11:45]} Be7 {[%clk 1:15:25]} 12. e5
{[%clk 1:09:23]} Nd5 {[%clk 1:12:47]} 13. Nxd5 {[%clk 1:09:41]} cxd5
{[%clk 1:12:30]} 14. c3 {[%clk 1:03:38]} Bc5 {[%clk 1:09:12]} 15. Bd4
{[%clk 1:00:45]} Qb6 {[%clk 1:08:56]} 16. Be2 {[%clk 0:58:49]} g6
{[%clk 1:02:37]} 17. Qd2 {[%clk 0:45:26]} O-O {[%clk 0:56:21]} 18. h4
{[%clk 0:38:41]} Bxd4+ {[%clk 0:51:14]} 19. cxd4 {[%clk 0:37:41]} Qd8
{[%clk 0:47:48]} 20. h5 {[%clk 0:34:46]} Rc8 {[%clk 0:41:01]} 21. Rf3
{[%clk 0:25:35]} Kg7 {[%clk 0:27:53]} 22. Rh3 {[%clk 0:22:47]} Rh8
{[%clk 0:24:45]} 23. Kf2 {[%clk 0:18:41]} f5 {[%clk 0:18:40]} 24. Rah1
{[%clk 0:17:44]} Qc7 {[%clk 0:18:35]} 25. Bd3 {[%clk 0:15:46]} Bc6
{[%clk 0:15:45]} 26. Rg1 {[%clk 0:14:28]} Kf7 {[%clk 0:11:21]} 27. g4
{[%clk 0:13:35]} Rcg8 {[%clk 0:10:47]} 28. Qe3 {[%clk 0:11:49]} Kf8
{[%clk 0:09:09]} 29. g5 {[%clk 0:09:26]} Be8 {[%clk 0:06:54]} 30. Rc1
{[%clk 0:09:03]} Qb7 {[%clk 0:05:57]} 31. h6 {[%clk 0:08:56]} Ke7
{[%clk 0:05:20]} 32. Qd2 {[%clk 0:08:30]} Bd7 {[%clk 0:04:53]} 33. Qb4+
{[%clk 0:07:37]} Kf7 {[%clk 0:04:13]} 34. Be2 {[%clk 0:06:43]} Rc8
{[%clk 0:03:42]} 35. Rhc3 {[%clk 0:06:14]} Rxc3 {[%clk 0:02:59]} 36. Rxc3
{[%clk 0:06:33]} Rc8 {[%clk 0:03:18]} 37. Rxc8 {[%clk 0:05:44]} Qxc8
{[%clk 0:02:44]} 38. Qc5 {[%clk 0:06:05]} Qxc5 {[%clk 0:02:11]} 39. dxc5
{[%clk 0:06:31]} Bc6 {[%clk 0:01:06]} 40. a4 {[%clk 0:05:34]} Ke7
{[%clk 0:01:01]} 41. Ke3 {[%clk 0:04:57]} 1/2-1/2

[Event "EYCC 2024 - G12"]
[Site "?"]
[Date "2024.08.23"]
[Round "2.3"]
[White "Kaminska, Zuzanna"]
[Black "Xynidi, Areti"]
[Result "1-0"]
[BlackElo "1672"]
[WhiteElo "1848"]
[LiveChessVersion "1.4.8"]

1. e4 {[%clk 1:30:58]} e6 {[%clk 1:30:56]} 2. d4 {[%clk 1:31:21]} d5
{[%clk 1:31:23]} 3. Nc3 {[%clk 1:31:43]} Nf6 {[%clk 1:31:49]} 4. e5
{[%clk 1:32:05]} Nfd7 {[%clk 1:32:16]} 5. f4 {[%clk 1:32:27]} c5 {[%clk 1:32:42]}
6. Nf3 {[%clk 1:32:49]} Nc6 {[%clk 1:33:09]} 7. Be3 {[%clk 1:33:07]} Qb6
{[%clk 1:33:35]} 8. Na4 {[%clk 1:33:24]} Qa5+ {[%clk 1:33:56]} 9. c3
{[%clk 1:33:36]} b6 {[%clk 1:34:22]} 10. Bd2 {[%clk 1:33:41]} c4 {[%clk 1:34:47]}
11. b4 {[%clk 1:33:35]} Nxb4 {[%clk 1:35:08]} 12. cxb4 {[%clk 1:33:53]} Bxb4
{[%clk 1:35:35]} 13. Qc2 {[%clk 1:33:56]} Bxd2+ {[%clk 1:35:31]} 14. Nxd2
{[%clk 1:34:16]} b5 {[%clk 1:35:31]} 15. Nc3 {[%clk 1:33:49]} Qb6
{[%clk 1:34:43]} 16. Ne2 {[%clk 1:30:12]} b4 {[%clk 1:34:10]} 17. g3
{[%clk 1:28:34]} a5 {[%clk 1:31:34]} 18. Bg2 {[%clk 1:27:34]} Bb7
{[%clk 1:31:08]} 19. O-O {[%clk 1:22:49]} O-O {[%clk 1:27:46]} 20. Kh1
{[%clk 1:21:46]} Qb5 {[%clk 1:25:05]} 21. Nf3 {[%clk 1:12:31]} h6
{[%clk 1:21:52]} 22. a4 {[%clk 1:05:39]} Qc6 {[%clk 1:19:47]} 23. g4
{[%clk 0:59:25]} Nb6 {[%clk 1:13:14]} 24. f5 {[%clk 0:45:52]} exf5
{[%clk 1:03:27]} 25. gxf5 {[%clk 0:45:34]} b3 {[%clk 1:01:31]} 26. Qc1
{[%clk 0:45:25]} Nxa4 {[%clk 1:00:22]} 27. Rxa4 {[%clk 0:43:50]} Qxa4
{[%clk 1:00:30]} 28. f6 {[%clk 0:43:46]} Ra6 {[%clk 0:55:06]} 29. Nh4
{[%clk 0:40:53]} Kh7 {[%clk 0:48:24]} 30. fxg7 {[%clk 0:38:07]} Kxg7
{[%clk 0:48:45]} 31. Ng3 {[%clk 0:26:38]} Rh8 {[%clk 0:31:28]} 32. Qf4
{[%clk 0:13:13]} Qd7 {[%clk 0:30:37]} 33. Bh3 {[%clk 0:12:00]} Qc7
{[%clk 0:28:12]} 34. Ngf5+ {[%clk 0:10:22]} Kf8 {[%clk 0:26:37]} 35. Nd6
{[%clk 0:09:43]} 1-0

[Event "EYCC 2024 - G12"]
[Site "?"]
[Date "2024.08.23"]
[Round "2.4"]
[White "Jordan, Christina"]
[Black "Ndreko, Ailin"]
[Result "1-0"]
[BlackElo "1642"]
[WhiteElo "1811"]
[LiveChessVersion "1.4.8"]

1. e4 {[%clk 1:30:54]} e5 {[%clk 1:30:50]} 2. Nf3 {[%clk 1:31:16]} Nc6
{[%clk 1:30:32]} 3. Bb5 {[%clk 1:31:40]} Bc5 {[%clk 1:29:52]} 4. c3
{[%clk 1:31:18]} Nf6 {[%clk 1:30:05]} 5. O-O {[%clk 1:31:28]} O-O
{[%clk 1:29:06]} 6. d4 {[%clk 1:30:29]} Bb6 {[%clk 1:25:38]} 7. Bg5
{[%clk 1:26:44]} d6 {[%clk 1:23:35]} 8. Bxc6 {[%clk 1:01:11]} bxc6
{[%clk 1:23:57]} 9. dxe5 {[%clk 0:59:07]} dxe5 {[%clk 1:24:12]} 10. Qxd8
{[%clk 0:56:52]} Rxd8 {[%clk 1:24:29]} 11. Nxe5 {[%clk 0:55:27]} Re8
{[%clk 1:18:46]} 12. Bxf6 {[%clk 0:49:21]} gxf6 {[%clk 1:18:52]} 13. Nxc6
{[%clk 0:49:05]} Rxe4 {[%clk 1:18:50]} 14. Na3 {[%clk 0:27:17]} Bb7
{[%clk 1:12:00]} 15. Nb4 {[%clk 0:25:34]} Rg4 {[%clk 1:12:12]} 16. g3
{[%clk 0:21:52]} h5 {[%clk 1:12:19]} 17. Rfd1 {[%clk 0:19:41]} h4
{[%clk 1:12:26]} 18. Kf1 {[%clk 0:18:43]} hxg3 {[%clk 1:11:54]} 19. hxg3
{[%clk 0:18:50]} Kg7 {[%clk 1:12:06]} 20. Nd5 {[%clk 0:11:08]} Rh8
{[%clk 1:08:04]} 21. Ke2 {[%clk 0:10:23]} Re4+ {[%clk 1:08:11]} 22. Ne3
{[%clk 0:09:22]} Rh2 {[%clk 1:07:44]} 23. Nac2 {[%clk 0:08:10]} Ba6+
{[%clk 1:07:23]} 24. Kf3 {[%clk 0:07:22]} Bb7 {[%clk 1:07:37]} 25. Ke2
{[%clk 0:07:25]} c5 {[%clk 1:06:52]} 26. Rd7 {[%clk 0:06:45]} Ba6+
{[%clk 1:07:00]} 27. Kf3 {[%clk 0:07:00]} Re5 {[%clk 1:06:07]} 28. c4
{[%clk 0:06:34]} Bc8 {[%clk 1:06:17]} 29. Rdd1 {[%clk 0:06:52]} Bf5
{[%clk 1:06:33]} 30. Na3 {[%clk 0:06:07]} Be4+ {[%clk 1:05:21]} 31. Ke2
{[%clk 0:06:24]} Bg6 {[%clk 1:05:01]} 32. Rg1 {[%clk 0:05:04]} f5
{[%clk 1:04:58]} 33. Kf1 {[%clk 0:04:43]} Ba5 {[%clk 1:04:47]} 34. Rd1
{[%clk 0:04:25]} Kh7 {[%clk 1:04:07]} 35. Nac2 {[%clk 0:03:02]} Bh5
{[%clk 1:04:10]} 36. g4 {[%clk 0:03:10]} fxg4 {[%clk 1:04:01]} 37. Nxg4
{[%clk 0:03:33]} Bxg4 {[%clk 1:03:35]} 38. Rxg4 {[%clk 0:03:58]} Rf5
{[%clk 1:03:56]} 39. Rg2 {[%clk 0:04:05]} Rh1+ {[%clk 1:04:23]} 40. Rg1
{[%clk 0:04:30]} Rh2 {[%clk 1:04:45]} 41. Rg2 {[%clk 0:04:56]} Rh1+
{[%clk 1:05:08]} 42. Ke2 {[%clk 0:05:03]} Rh4 {[%clk 1:05:03]} 43. Ne3
{[%clk 0:05:26]} Re5 {[%clk 1:04:43]} 44. Rdg1 {[%clk 0:05:26]} Kh6
{[%clk 1:03:57]} 45. Rg8 {[%clk 0:05:46]} Kh7 {[%clk 1:04:06]} 46. R8g7+
{[%clk 0:06:09]} Kh6 {[%clk 1:04:27]} 47. Rxf7 {[%clk 0:05:52]} Rxc4
{[%clk 1:03:25]} 48. Rxa7 {[%clk 0:06:05]} Bd8 {[%clk 1:03:04]} 49. Kf3
{[%clk 0:05:43]} Rb4 {[%clk 0:59:34]} 50. Ng4+ {[%clk 0:06:02]} Rxg4
{[%clk 0:59:53]} 51. Rxg4 {[%clk 0:06:25]} Bg5 {[%clk 0:59:27]} 52. a4
{[%clk 0:05:06]} Rf5+ {[%clk 0:59:38]} 53. Kg2 {[%clk 0:05:20]} Kh5
{[%clk 0:59:23]} 54. Rg3 {[%clk 0:05:28]} c4 {[%clk 0:59:15]} 55. a5
{[%clk 0:05:21]} Rb5 {[%clk 0:59:16]} 56. Rc3 {[%clk 0:04:30]} Rxb2
{[%clk 0:59:34]} 57. Rxc4 {[%clk 0:04:56]} Be3 {[%clk 0:59:35]} 58. Rf7
{[%clk 0:03:56]} Kg6 {[%clk 0:59:52]} 59. Rf3 {[%clk 0:04:21]} Ba7
{[%clk 0:59:56]} 60. Rg4+ {[%clk 0:04:15]} Kh5 {[%clk 0:59:52]} 61. Rg7
{[%clk 0:04:41]} 1-0

[Event "EYCC 2024 - G12"]
[Site "?"]
[Date "2024.08.23"]
[Round "2.5"]
[White "Janouskova, Eliska"]
[Black "Alcantara, Levanah"]
[Result "0-1"]
[BlackElo "1807"]
[WhiteElo "1672"]
[LiveChessVersion "1.4.8"]

1. e4 {[%clk 1:30:56]} e6 {[%clk 1:30:37]} 2. Nf3 {[%clk 1:30:44]} d5
{[%clk 1:30:42]} 3. Nc3 {[%clk 1:31:03]} d4 {[%clk 1:30:41]} 4. Ne2
{[%clk 1:30:38]} c5 {[%clk 1:30:18]} 5. c3 {[%clk 1:29:51]} Nf6 {[%clk 1:26:59]}
6. cxd4 {[%clk 1:26:25]} Nxe4 {[%clk 1:25:53]} 7. dxc5 {[%clk 1:20:43]} Nxc5
{[%clk 1:26:04]} 8. d4 {[%clk 1:19:03]} Ne4 {[%clk 1:25:14]} 9. Nc3
{[%clk 1:16:51]} Bb4 {[%clk 1:21:07]} 10. Qc2 {[%clk 1:09:46]} Qc7
{[%clk 1:15:18]} 11. Bd2 {[%clk 1:03:16]} Nf6 {[%clk 1:03:57]} 12. Bd3
{[%clk 0:56:55]} Bd7 {[%clk 0:56:55]} 13. O-O {[%clk 0:52:10]} Bxc3
{[%clk 0:37:53]} 14. Bxc3 {[%clk 0:46:42]} Bc6 {[%clk 0:34:06]} 15. Ne5
{[%clk 0:44:05]} Bd5 {[%clk 0:33:19]} 16. Qa4+ {[%clk 0:40:57]} Nc6
{[%clk 0:29:59]} 17. Bc4 {[%clk 0:31:51]} O-O {[%clk 0:27:14]} 18. Bxd5
{[%clk 0:28:44]} Nxd5 {[%clk 0:26:04]} 19. Nxc6 {[%clk 0:22:43]} Nxc3
{[%clk 0:24:28]} 20. bxc3 {[%clk 0:22:28]} Qxc6 {[%clk 0:24:14]} 21. Qxc6
{[%clk 0:19:20]} bxc6 {[%clk 0:24:37]} 22. Rab1 {[%clk 0:19:33]} Rab8
{[%clk 0:24:21]} 23. Rfd1 {[%clk 0:18:41]} Rfc8 {[%clk 0:23:56]} 24. g3
{[%clk 0:17:31]} Kf8 {[%clk 0:24:09]} 25. Kg2 {[%clk 0:16:19]} Ke7
{[%clk 0:24:24]} 26. Kf3 {[%clk 0:16:28]} Kd6 {[%clk 0:24:45]} 27. Ke4
{[%clk 0:14:49]} c5 {[%clk 0:23:39]} 28. dxc5+ {[%clk 0:12:03]} Kc6
{[%clk 0:19:01]} 29. Rb4 {[%clk 0:05:59]} Rd8 {[%clk 0:15:50]} 30. Rxb8
{[%clk 0:04:16]} Rxb8 {[%clk 0:16:13]} 31. Rd6+ {[%clk 0:04:35]} Kc7
{[%clk 0:14:00]} 32. Rd2 {[%clk 0:04:10]} Rb5 {[%clk 0:13:57]} 33. Kd4
{[%clk 0:03:13]} Kc6 {[%clk 0:13:52]} 34. c4 {[%clk 0:03:04]} Rxc5
{[%clk 0:13:19]} 35. Kc3 {[%clk 0:03:09]} h5 {[%clk 0:11:56]} 36. h3
{[%clk 0:02:35]} Ra5 {[%clk 0:10:52]} 37. Kb4 {[%clk 0:02:40]} Rf5
{[%clk 0:10:58]} 38. Re2 {[%clk 0:01:53]} h4 {[%clk 0:11:02]} 39. Rd2
{[%clk 0:01:27]} Rf3 {[%clk 0:10:40]} 40. Rd4 {[%clk 0:01:15]} hxg3
{[%clk 0:10:27]} 41. fxg3 {[%clk 0:01:40]} Rxg3 {[%clk 0:10:40]} 42. h4
{[%clk 0:01:59]} Rh3 {[%clk 0:10:06]} 43. Rg4 {[%clk 0:02:06]} g6
{[%clk 0:09:22]} 44. Rf4 {[%clk 0:02:02]} f5 {[%clk 0:09:33]} 45. c5
{[%clk 0:02:19]} Rg3 {[%clk 0:08:43]} 46. Rf2 {[%clk 0:01:14]} Rg4+
{[%clk 0:08:41]} 47. Kb3 {[%clk 0:01:41]} Rxh4 {[%clk 0:08:14]} 48. Rc2
{[%clk 0:02:05]} Re4 {[%clk 0:08:02]} 49. Rc3 {[%clk 0:02:17]} f4
{[%clk 0:08:14]} 50. Ka3 {[%clk 0:02:36]} Re3 {[%clk 0:08:29]} 0-1

[Event "EYCC 2024 - G12"]
[Site "?"]
[Date "2024.08.23"]
[Round "2.6"]
[White "Pehlivanova, Aleksandra"]
[Black "Levchenko, Alisa"]
[Result "1/2-1/2"]
[BlackElo "1637"]
[WhiteElo "1793"]
[LiveChessVersion "1.4.8"]

1. Nf3 {[%clk 1:30:57]} d5 {[%clk 1:30:32]} 2. c4 {[%clk 1:31:24]} d4
{[%clk 1:30:47]} 3. b4 {[%clk 1:31:44]} c5 {[%clk 1:31:03]} 4. bxc5
{[%clk 1:29:43]} Nc6 {[%clk 1:31:23]} 5. Bb2 {[%clk 1:20:12]} e5 {[%clk 1:30:30]}
6. e4 {[%clk 1:10:49]} Bxc5 {[%clk 1:23:36]} 7. d3 {[%clk 1:10:53]} Nge7
{[%clk 1:21:46]} 8. g3 {[%clk 1:09:03]} O-O {[%clk 1:16:02]} 9. Bg2
{[%clk 1:08:17]} f6 {[%clk 1:07:58]} 10. O-O {[%clk 1:06:52]} Be6
{[%clk 1:06:29]} 11. Nbd2 {[%clk 1:06:37]} a5 {[%clk 1:04:33]} 12. Nb3
{[%clk 1:05:32]} Ba7 {[%clk 1:04:16]} 13. a4 {[%clk 1:03:16]} Nb4
{[%clk 1:02:51]} 14. Ba3 {[%clk 1:02:26]} Nec6 {[%clk 1:03:06]} 15. Rb1
{[%clk 0:59:41]} b6 {[%clk 0:58:32]} 16. Qd2 {[%clk 0:58:16]} Qe7
{[%clk 0:57:22]} 17. Ne1 {[%clk 0:55:06]} Bb8 {[%clk 0:56:03]} 18. f4
{[%clk 0:46:39]} Bd6 {[%clk 0:52:50]} 19. f5 {[%clk 0:42:55]} Bf7
{[%clk 0:52:52]} 20. g4 {[%clk 0:42:32]} Na6 {[%clk 0:43:07]} 21. Bxd6
{[%clk 0:41:31]} Qxd6 {[%clk 0:43:12]} 22. Nc2 {[%clk 0:40:06]} Rab8
{[%clk 0:39:48]} 23. Ra1 {[%clk 0:33:24]} Ncb4 {[%clk 0:35:45]} 24. Nxb4
{[%clk 0:30:02]} Qxb4 {[%clk 0:33:42]} 25. Qc2 {[%clk 0:21:17]} Be8
{[%clk 0:30:01]} 26. Qa2 {[%clk 0:16:34]} Qc3 {[%clk 0:24:22]} 27. Rfd1
{[%clk 0:13:52]} Nb4 {[%clk 0:23:39]} 28. Qb1 {[%clk 0:13:51]} Qc2
{[%clk 0:22:48]} 29. Bf1 {[%clk 0:10:23]} Qxb1 {[%clk 0:18:04]} 30. Rdxb1
{[%clk 0:10:43]} Nc2 {[%clk 0:18:11]} 31. Ra2 {[%clk 0:11:02]} Nb4
{[%clk 0:18:28]} 32. Raa1 {[%clk 0:11:04]} Nc2 {[%clk 0:18:50]} 33. Ra2
{[%clk 0:11:31]} Nb4 {[%clk 0:19:09]} 1/2-1/2

[Event "EYCC 2024 - G12"]
[Site "?"]
[Date "2024.08.23"]
[Round "2.7"]
[White "Kusova, Nikola"]
[Black "Illes-Nagy, Nora"]
[Result "0-1"]
[BlackElo "1792"]
[WhiteElo "1659"]
[LiveChessVersion "1.4.8"]

1. e4 {[%clk 1:30:58]} c5 {[%clk 1:30:56]} 2. Nf3 {[%clk 1:31:23]} e6
{[%clk 1:31:17]} 3. d4 {[%clk 1:31:48]} cxd4 {[%clk 1:31:38]} 4. Nxd4
{[%clk 1:32:09]} Nc6 {[%clk 1:31:58]} 5. Nc3 {[%clk 1:32:33]} Qc7
{[%clk 1:32:05]} 6. Be3 {[%clk 1:32:54]} a6 {[%clk 1:32:25]} 7. a3
{[%clk 1:33:19]} b5 {[%clk 1:32:38]} 8. Nxc6 {[%clk 1:25:32]} Qxc6
{[%clk 1:32:48]} 9. Qd4 {[%clk 1:25:42]} Bb7 {[%clk 1:16:15]} 10. O-O-O
{[%clk 1:20:59]} Nf6 {[%clk 1:09:22]} 11. e5 {[%clk 1:10:27]} Nd5
{[%clk 1:01:42]} 12. Nxd5 {[%clk 1:10:31]} Qxd5 {[%clk 1:01:37]} 13. Qxd5
{[%clk 1:07:34]} Bxd5 {[%clk 1:01:42]} 14. f4 {[%clk 1:00:47]} d6
{[%clk 0:57:25]} 15. Rg1 {[%clk 0:57:27]} dxe5 {[%clk 0:56:27]} 16. fxe5
{[%clk 0:57:50]} Be7 {[%clk 0:55:21]} 17. g3 {[%clk 0:55:31]} O-O
{[%clk 0:53:16]} 18. Bg2 {[%clk 0:55:22]} Bxg2 {[%clk 0:53:08]} 19. Rxg2
{[%clk 0:55:45]} Rfd8 {[%clk 0:52:37]} 20. Rgd2 {[%clk 0:53:58]} Rxd2
{[%clk 0:52:32]} 21. Rxd2 {[%clk 0:54:21]} Rd8 {[%clk 0:52:40]} 22. Rxd8+
{[%clk 0:54:08]} Bxd8 {[%clk 0:53:04]} 23. Kd2 {[%clk 0:54:21]} Bc7
{[%clk 0:51:51]} 24. Bd4 {[%clk 0:54:15]} Kf8 {[%clk 0:50:41]} 25. Kd3
{[%clk 0:54:38]} Ke7 {[%clk 0:49:56]} 26. Bc5+ {[%clk 0:52:38]} Kd7
{[%clk 0:49:11]} 27. Ke4 {[%clk 0:52:09]} Ba5 {[%clk 0:36:40]} 28. b4
{[%clk 0:47:55]} Bd8 {[%clk 0:35:29]} 29. g4 {[%clk 0:44:16]} f6 {[%clk 0:31:45]}
30. Bd4 {[%clk 0:38:45]} fxe5 {[%clk 0:30:03]} 31. Bxe5 {[%clk 0:39:06]} g6
{[%clk 0:28:03]} 32. Kd3 {[%clk 0:37:15]} Bg5 {[%clk 0:20:00]} 33. c4
{[%clk 0:36:57]} Bc1 {[%clk 0:17:52]} 34. cxb5 {[%clk 0:37:13]} axb5
{[%clk 0:18:06]} 35. Kc3 {[%clk 0:37:35]} Kc6 {[%clk 0:16:59]} 36. Kb3
{[%clk 0:37:46]} Kd5 {[%clk 0:15:41]} 37. Bg3 {[%clk 0:37:21]} e5
{[%clk 0:07:16]} 38. Be1 {[%clk 0:33:23]} Bf4 {[%clk 0:05:31]} 39. h3
{[%clk 0:29:28]} Kd4 {[%clk 0:04:03]} 40. Kc2 {[%clk 0:25:39]} e4
{[%clk 0:02:56]} 41. Kd1 {[%clk 0:20:51]} Kd3 {[%clk 0:02:38]} 42. Bf2
{[%clk 0:19:30]} e3 {[%clk 0:02:44]} 0-1

[Event "EYCC 2024 - G12"]
[Site "?"]
[Date "2024.08.23"]
[Round "2.8"]
[White "Gruszecka, Alicja"]
[Black "Lickova, Anna"]
[Result "1/2-1/2"]
[BlackElo "1621"]
[WhiteElo "1781"]
[LiveChessVersion "1.4.8"]

1. e4 {[%clk 1:30:58]} e5 {[%clk 1:30:52]} 2. Nf3 {[%clk 1:31:09]} Nf6
{[%clk 1:31:13]} 3. Nxe5 {[%clk 1:31:18]} d6 {[%clk 1:31:34]} 4. Nf3
{[%clk 1:31:18]} Nxe4 {[%clk 1:31:54]} 5. Nc3 {[%clk 1:31:27]} Nxc3
{[%clk 1:31:58]} 6. dxc3 {[%clk 1:31:34]} Be7 {[%clk 1:31:46]} 7. Be3
{[%clk 1:31:34]} Be6 {[%clk 1:31:20]} 8. Qd2 {[%clk 1:31:16]} a6 {[%clk 1:25:20]}
9. O-O-O {[%clk 1:29:21]} Nc6 {[%clk 1:23:46]} 10. Kb1 {[%clk 1:27:50]} Qd7
{[%clk 1:20:27]} 11. h3 {[%clk 1:25:43]} O-O-O {[%clk 1:14:51]} 12. Ng5
{[%clk 1:18:25]} Bxg5 {[%clk 1:03:35]} 13. Bxg5 {[%clk 1:18:11]} f6
{[%clk 1:03:52]} 14. Be3 {[%clk 1:16:24]} Qf7 {[%clk 1:01:29]} 15. b3
{[%clk 1:13:00]} Kb8 {[%clk 0:57:04]} 16. g3 {[%clk 1:09:30]} Rhe8
{[%clk 0:47:10]} 17. Bg2 {[%clk 1:06:42]} d5 {[%clk 0:43:59]} 18. Rhe1
{[%clk 1:02:51]} g5 {[%clk 0:31:46]} 19. f4 {[%clk 0:58:28]} h6 {[%clk 0:30:08]}
20. g4 {[%clk 0:53:19]} Qf8 {[%clk 0:27:30]} 21. Qf2 {[%clk 0:48:39]} Bf7
{[%clk 0:15:45]} 22. Bc5 {[%clk 0:41:05]} Qg8 {[%clk 0:15:49]} 23. Rf1
{[%clk 0:37:08]} Rd7 {[%clk 0:11:46]} 24. Rfe1 {[%clk 0:30:29]} Rdd8
{[%clk 0:11:41]} 25. Bf1 {[%clk 0:29:43]} h5 {[%clk 0:03:50]} 26. Bd3
{[%clk 0:27:45]} Bg6 {[%clk 0:02:53]} 27. Rxe8 {[%clk 0:23:07]} Qxe8
{[%clk 0:02:23]} 28. Re1 {[%clk 0:22:28]} Qg8 {[%clk 0:01:58]} 29. Bxg6
{[%clk 0:14:30]} Qxg6 {[%clk 0:02:17]} 30. f5 {[%clk 0:09:10]} Qf7
{[%clk 0:01:56]} 31. Bd4 {[%clk 0:08:36]} hxg4 {[%clk 0:01:12]} 32. hxg4
{[%clk 0:08:54]} Re8 {[%clk 0:00:37]} 33. Rxe8+ {[%clk 0:09:01]} Qxe8
{[%clk 0:01:03]} 34. Bxf6 {[%clk 0:09:12]} Qe4 {[%clk 0:01:10]} 35. Qg3
{[%clk 0:06:40]} Qh1+ {[%clk 0:01:15]} 36. Kb2 {[%clk 0:07:00]} Qh6
{[%clk 0:01:31]} 37. Be5 {[%clk 0:06:23]} Qh7 {[%clk 0:01:01]} 38. Bd4
{[%clk 0:04:54]} Qe7 {[%clk 0:00:32]} 39. Qe3 {[%clk 0:04:35]} Qxe3
{[%clk 0:00:34]} 40. Bxe3 {[%clk 0:04:48]} Ne5 {[%clk 0:01:00]} 41. f6
{[%clk 0:02:36]} Nf7 {[%clk 0:01:19]} 42. c4 {[%clk 0:02:24]} dxc4
{[%clk 0:01:29]} 43. bxc4 {[%clk 0:02:28]} Kc8 1/2-1/2